000 00394nam a2200145Ia 4500
008 230917s9999||||xx |||||||||||||| ||und||
040 _e132422
_aMAIN
041 _aEnglish
082 _a647.94068 B453O
100 _aBerger, Florence
245 0 _aOrganizational behaviour for the hospitality industry
260 _aEnglewood Cliffs
_bPrentice-Hall
_c2009
300 _a425 p.
942 _cBK
999 _c152897
_d152897